Rozhodovanie v práci manažéra vybraného podniku bakalárska práca

Salvato in:
Dettagli Bibliografici
Autore principale: Zsigóová, Nikola
Ente Autore: Fakulta podnikového manažmentu EU. Katedra manažmentu
Altri autori: Mišíková, Natália, 1999-
Natura: Libro
Lingua:slovacco
Pubblicazione: Bratislava 2025
Tags: Aggiungi Tag
Nessun Tag, puoi essere il primo ad aggiungerne!!

MARC

LEADER 00000nbm a2200000 4500
001 0309844
005 20260323131509.2
041 0 |a slo 
044 |a SK 
245 1 0 |a Rozhodovanie v práci manažéra vybraného podniku  |b bakalárska práca  |c Nikola Zsigóová ; školiteľ: Natália Mišíková 
264 1 |a Bratislava  |c 2025 
300 |a 49 s. 
100 1 |a Zsigóová, Nikola 
700 1 |a Mišíková, Natália, 1999- 
710 2 |a Fakulta podnikového manažmentu EU. Katedra manažmentu